A carregar...
Abba-- God's greatest gift to us /
On the life of Indian sarod maestro Ustad Amjad Ali Khan, b. 1945.
| Autor principal: | |
|---|---|
| Outros Autores: | |
| Formato: | Printed Book |
| Publicado em: |
New Delhi :
Roli Books,
2002.
|
| Assuntos: |
| LEADER | 00927cam a2200217 a 4500 | ||
|---|---|---|---|
| 020 | |a 8174362126 | ||
| 082 | |a 787.092 |b AMA/A | ||
| 100 | 1 | |a Amaan Ali Bangash. | |
| 245 | 1 | 0 | |a Abba-- God's greatest gift to us / |c Amaan Ali Bangash and Ayaan Ali Bangash. |
| 260 | |a New Delhi : |b Roli Books, |c 2002. | ||
| 300 | |a 127 p. : |b ill. ; |e 1 sound disc (digital ; 4 3/4 in.) | ||
| 520 | |a On the life of Indian sarod maestro Ustad Amjad Ali Khan, b. 1945. | ||
| 650 | 0 | |a Sarod players |z India |v Biography. | |
| 650 | 0 | |a Music | |
| 650 | 0 | |a Instrumental Music | |
| 650 | 0 | |a Arts | |
| 700 | 1 | |a Bangash, Ayaan Ali, | |
| 942 | |c BK | ||
| 999 | |c 55381 |d 55381 | ||
| 952 | |0 0 |1 0 |4 0 |6 787_092000000000000_AMA_A |7 0 |9 79053 |a SSUS |b SSUS |c STACKS |d 2015-08-06 |g 495.00 |o 787.092 AMA/A |p 078070 |r 2015-08-06 |w 2015-08-06 |y BK | ||
| 952 | |0 0 |1 0 |4 0 |6 787_092000000000000_AMA_A |7 0 |9 79054 |a SSUS |b SSUS |c STACKS |d 2015-08-06 |g 495.00 |o 787.092 AMA/A |p 078071 |r 2015-08-06 |w 2015-08-06 |y BK | ||